| 000 | 00604cam a22002051 4500 | ||
|---|---|---|---|
| 001 | ne 67000555 | ||
| 003 | DLC | ||
| 005 | 20260227111830.0 | ||
| 008 | 811119s1965 ua a 000 0 egyr | ||
| 010 | _ane 67000555 | ||
| 025 | _aPL480:UAR-8034 | ||
| 035 | _a(OCoLC)7937872 | ||
| 040 |
_aDLC _cMnM _dDLC |
||
| 042 | _apremarc | ||
| 050 | 0 | 0 |
_aPJ7814.N3 _bL3 |
| 100 | 1 |
_aʻAnbar, Muḥammad ʻAbd al-Raḥīm, _d1915- |
|
| 245 | 1 | 0 |
_aLan yakūna liqāʼ. _cMuḥammad ʻAbd al-Raḥīm ʻAnbar. |
| 260 |
_a[Cairo, _bUniversity Printing and Publishing House, _c1965] |
||
| 300 |
_a132 p. _billus. _c21 cm. |
||
| 999 |
_c49477 _d49477 |
||